Houston Texans Top 50 Career Approximate Value Players - Statistics

General Stats
  • This quiz has been taken 13 times
  • The average score is 17 of 50
Answer Stats
Years Played Player AV % Correct
2011-2020 J.J. Watt 122
100%
2002-2006 David Carr 46
91%
2017-2020 Deshaun Watson 55
91%
2003-2014 Andre Johnson 119
82%
2009-2015 Arian Foster 62
82%
2013-2019 DeAndre Hopkins 67
82%
2007-2013 Matt Schaub 72
82%
2003-2005 Domanick Williams 35
64%
2010-2018; 2023 Kareem Jackson 48
64%
2006-2011 Mario Williams 46
64%
2009-2017 Brian Cushing 60
55%
2014-2018 Jadeveon Clowney 42
55%
2016-2018 Lamar Miller 22
55%
2012-2021 Whitney Mercilus 58
55%
2015-2020 Bernardrick McKinney 46
45%
2006-2011 DeMeco Ryans 45
45%
2011-2019 Johnathan Joseph 62
45%
2019-Present Laremy Tunsil 39
45%
2006-2013 Owen Daniels 41
45%
2002-2007 Steve McKinney 28
45%
2016-2020 Will Fuller 26
45%
2020-2022 Brandin Cooks 22
36%
2008-2017 Duane Brown 78
36%
2002-2009 Kris Brown 23
36%
2009-2016 Antonio Smith 41
27%
2006-2012 Kevin Walter 39
27%
2010-2013 Wade Smith 33
27%
2011-2014 Brooks Reed 26
18%
2008-2014 Chris Myers 60
18%
2016-2019 D.J. Reader 24
18%
2006-2011 Eric Winston 46
18%
2017-2021 Zach Cunningham 32
18%
2002-2004 Aaron Glenn 23
9%
2007-2010 Amobi Okoye 23
9%
2004-2009 Dunta Robinson 29
9%
2009-2012 Glover Quin 22
9%
2002-2004 Jamie Sharper 25
9%
2002-2004 Jay Foreman 22
9%
2002-2006 Kailee Wong 25
9%
2009-2012 Shaun Cody 24
9%
2019-Present Tytus Howard 27
9%
2002-2009 Chester PItts 48
0%
2011-2016 Derek Newton 30
0%
2002-2005 Gary Walker 22
0%
2012-2015 Jared Crick 22
0%
2002-2005 Marcus Coleman 22
0%
2007-2011 Mike Brisiel 26
0%
2005-2008 Morlon Greenwood 22
0%
2017-2020 Nick Martin 29
0%
2002-2006 Seth Payne 22
0%
No matching quizzes found
Score Distribution
Percent of People with Each Score
Percentile by Number Answered
Your Score History
You have not taken this quiz